| 000 | 01498nam a2200457 i 4500 | ||
|---|---|---|---|
| 001 | 4777 | ||
| 003 | KOSZ 005 | ||
| 005 | 20210311111613.0 | ||
| 008 | 040519s1974 pl a f |000 0 pol | ||
| 015 | _aUWD 1976/10048a | ||
| 035 | _a991023720829705066 | ||
| 035 | _a(PL-WaBN)b16497910-48omnis_nlop | ||
| 035 | _ab16497910 | ||
| 035 | _a(OCoLC)830611922 | ||
| 035 | _a(PL)b0000001649791 | ||
| 035 | _a(EXLNZ-48OMNIS_NETWORK)9910187353105606 | ||
| 040 |
_aWA N _cWA N _dKOSZ 005/HR |
||
| 041 | 0 | _apol | |
| 046 | _k1974 | ||
| 080 | _a624.014.2 | ||
| 080 | _a69 | ||
| 245 | 0 | 0 |
_aWarunki techniczne wykonania i odbioru robót budowlano-montażowych. _nCz. 3, _pMontaż konstrukcji stalowych. |
| 246 | 3 | 0 | _aMontaż konstrukcji stalowych |
| 250 | _aWyd. 4. | ||
| 260 |
_aWarszawa : _bWydaw. Katalogów i Cenników : _bna zlec. Centralnego Ośrodka Informacji Budownictwa, _c1974. |
||
| 300 |
_a222, [1] s. : _bil. ; _c25 cm. |
||
| 336 |
_aTekst _btxt _2rdacontent |
||
| 337 |
_aBez urządzenia pośredniczącego _bn _2rdamedia |
||
| 338 |
_aWolumin _bnc _2rdacarrier |
||
| 380 | _aKsiążki | ||
| 380 | _aPublikacje fachowe | ||
| 388 | _a1901-2000 | ||
| 388 | _a1945-1989 | ||
| 500 | _aW metryce mylnie: Wyd. 1. | ||
| 650 | 7 | _aKonstrukcje stalowe | |
| 658 | _aArchitektura i budownictwo | ||
| 650 | 7 | _aMontaż | |
| 856 |
_uhttp://koha.tu.koszalin.pl/cgi-bin/koha/opac-detail.pl?biblionumber=4777 _zKatalog online BPK |
||
| 942 |
_2UKD _cKS |
||
| 999 |
_c4777 _d4777 |
||